NLSUI OPAC header image

The challenges of democracy : (Record no. 113825)

MARC details
000 -LEADER
fixed length control field 00778cam a2200253 i 4500
001 - CONTROL NUMBER
control field 21194885
005 - DATE AND TIME OF LATEST TRANSACTION
control field 20260427072245.0
008 - FIXED-LENGTH DATA ELEMENTS--GENERAL INFORMATION
fixed length control field 190821s2019 ii 000 0 eng d
010 ## - LIBRARY OF CONGRESS CONTROL NUMBER
LC control number 2019337290
020 ## - INTERNATIONAL STANDARD BOOK NUMBER
International Standard Book Number 9789353461812
Qualifying information (hardback)
082 04 - DEWEY DECIMAL CLASSIFICATION NUMBER
Classification number 320.8 MEN
100 1# - MAIN ENTRY--PERSONAL NAME
Personal name Menon, Mohan,
Relator term author.
245 14 - TITLE STATEMENT
Title The challenges of democracy :
Remainder of title a world in conflict /
Statement of responsibility, etc. Mohan Menon.
264 #1 - PRODUCTION, PUBLICATION, DISTRIBUTION, MANUFACTURE, AND COPYRIGHT NOTICE
Place of production, publication, distribution, manufacture New Delhi :
Name of producer, publisher, distributor, manufacturer Middlehouse Publishing,
Date of production, publication, distribution, manufacture, or copyright notice 2019.
300 ## - PHYSICAL DESCRIPTION
Extent xxvi, 532 pages ;
Dimensions 25 cm
365 ## - TRADE PRICE
Price amount Rs. 998
650 #0 - SUBJECT ADDED ENTRY--TOPICAL TERM
Topical term or geographic name entry element Democracy
Geographic subdivision India.
650 #0 - SUBJECT ADDED ENTRY--TOPICAL TERM
Topical term or geographic name entry element Democracy.
650 #0 - SUBJECT ADDED ENTRY--TOPICAL TERM
Topical term or geographic name entry element World politics
Chronological subdivision 1989-
650 #0 - SUBJECT ADDED ENTRY--TOPICAL TERM
Topical term or geographic name entry element Security, International.
651 #0 - SUBJECT ADDED ENTRY--GEOGRAPHIC NAME
Geographic name India
General subdivision Politics and government.
651 #0 - SUBJECT ADDED ENTRY--GEOGRAPHIC NAME
Geographic name China
General subdivision Politics and government
Chronological subdivision 21st century.
942 ## - ADDED ENTRY ELEMENTS (KOHA)
Source of classification or shelving scheme Dewey Decimal Classification
Koha item type BOOKs
Holdings
Withdrawn status Lost status Source of classification or shelving scheme Materials specified (bound volume or other part) Damaged status Not for loan Home library Current library Shelving location Date acquired Source of acquisition Cost, normal purchase price Total Checkouts Full call number Barcode Date last seen Price effective from Koha item type Public note
    Dewey Decimal Classification HB     NLS NLS   24/07/2019 Gratis 995.00   321.8 MEN 37348 24/07/2019 24/07/2019 BOOKs Donated By Vice Chancellor's Office, NLSIU